00000000cas 2200000zi 4500
0019.958066
003CaOODSP
00520251218103205
006m     o  d f      
007cr cn ||||||||
008251208c20249999qucar p o    f0###a0eng|d
020 |z9780660744957|z9780660760384
022 |a2819-8263
040 |aCaOODSP|beng|erda|cCaOODSP
043 |an-cn---
0861 |aEm17-4E-PDF|zEm20-197/2024E-PDF|zEm20-197/2025E-PDF
222 0|aCanadian indicators for the United Nations Convention on the Rights of Persons with Disabilities (CRPD)
24500|aCanadian indicators for the United Nations Convention on the Rights of Persons with Disabilities (CRPD).
264 1|a[Gatineau, Québec] : |bEmployment and Social Development Canada = Emploi et développement social Canada, |c[2024]-
310 |aAnnual
336 |atext|btxt|2rdacontent
337 |acomputer|bc|2rdamedia
338 |aonline resource|bcr|2rdacarrier
3621 |aBegan with: December 18th, 2024.
500 |aIssued also in French under title: Indicateurs canadiens pour la Convention relative aux droits des personnes handicapées (CDPH) des Nations Unies.
588 |aDescription based on: December 18th, 2024; title from PDF cover page.
588 |aLatest issue consulted: March 2025.
63000|aConvention on the Rights of Persons with Disabilities and Optional Protocol |d(2007 March 30)
650 0|aPeople with disabilities|zCanada|xSocial conditions|vStatistics|vPeriodicals.
650 0|aDiscrimination against people with disabilities|zCanada|vStatistics|vPeriodicals.
650 0|aPeople with disabilities|xCivil rights|zCanada|vPeriodicals.
650 0|aSocial indicators|zCanada|vPeriodicals.
655 7|aPeriodicals|2lcgft
655 7|aStatistics|2lcgft
7101 |aCanada. |bEmployment and Social Development Canada, |eissuing body.
77508|tIndicateurs canadiens pour la Convention relative aux droits des personnes handicapées (CDPH) des Nations Unies.|w(CaOODSP)9.958065